One headteacher, one day.

One day with a busy headteacher tells you a lot about their leadership. Kenny Frederick is a powerful woman who leads George Green's secondary school in London's East End. Her leadership style includes building social capital by spotting talent amongst her support staff and pre-empting tro...

Full description

Bibliographic Details
Corporate Authors: Flashback Television (Firm) (Producer), Double Exposure (Firm) (Producer)
Format: Video
Language:English
Language Notes:This edition in English.
Published: [London] : Teachers TV/UK Dept. of Education, 2006.
Series:Education in video
Women leaders ; 1
Subjects:
Online Access:Connect to this streaming video (Alexander Street Press)

MARC

Tag First Indicator Second Indicator Subfields
LEADER 00000cgm a2200000 a 4500
001 in00005560821
006 m o c
007 cr |n|---||a|a
007 vz |zazu|
008 120229s2006 enk019 o vleng d
005 20241201231250.8
035 |a (OCoLC)ocn815796764 
040 |a ALSTP  |b eng  |e pn  |c ALSTP  |d OCLCO  |d OCLCQ  |d OCLCF  |d OCLCQ  |d VZF  |d OCLCQ  |d OCLCO  |d OCLCA  |d OCLCQ  |d MNI  |d INT  |d OCLCQ  |d WYU  |d OCLCO  |d OCLCL  |d OCLCQ 
035 |a (OCoLC)815796764 
043 |a e-uk--- 
050 4 |a PN1200eb 
049 |a TXAM 
245 0 0 |a One headteacher, one day. 
260 |a [London] :  |b Teachers TV/UK Dept. of Education,  |c 2006. 
300 |a 1 online resource (19 min.). 
336 |a two-dimensional moving image  |b tdi  |2 rdacontent 
337 |a computer  |b c  |2 rdamedia 
338 |a online resource  |b cr  |2 rdacarrier 
490 0 |a Education in video 
490 0 |a Women leaders ;  |v 1 
500 |a Title from resource description page (viewed Mar. 5, 2012). 
520 |a One day with a busy headteacher tells you a lot about their leadership. Kenny Frederick is a powerful woman who leads George Green's secondary school in London's East End. Her leadership style includes building social capital by spotting talent amongst her support staff and pre-empting trouble by employing local people to mediate conflicts before they develop. All different - all equal is the slogan on the walls at George Green's School and Kenny does her best to put this into practice amongst 1200 pupils and 200 staff. This vision informs most of the activity in her busy, much-visited office during the course of one ordinary day. But when two boys trash the showers used by disabled students, how does she handle it and make the punishment fit the crime? 
546 |a This edition in English. 
650 0 |a Women school principals  |z Great Britain. 
650 6 |a Directrices d'école  |z Grande-Bretagne. 
650 7 |a Women school principals.  |2 fast  |0 (OCoLC)fst01178501 
651 7 |a Great Britain.  |2 fast  |0 (OCoLC)fst01204623  |1 https://id.oclc.org/worldcat/entity/E39PBJdmp7p3cx8hpmJ8HvmTpP 
655 4 |a Alexander Street Video. 
655 7 |a Instructional television programs.  |2 fast  |0 (OCoLC)fst01726126 
655 7 |a Instructional television programs.  |2 lcgft 
655 7 |a Émissions pédagogiques télévisées.  |2 rvmgf 
710 2 |a Flashback Television (Firm)  |4 pro 
710 2 |a Double Exposure (Firm)  |4 pro 
776 0 8 |i Print version:  |t One headteacher, one day.  |d [London] : Teachers TV/UK Dept. of Education, 2006 publisher catalog number  |o C/1992/001 
856 4 0 |u http://proxy.library.tamu.edu/login?url=https://www.aspresolver.com/aspresolver.asp?AVN2;1783699  |z Connect to this streaming video (Alexander Street Press)  |t 0 
955 |a Alexander Street Press subscription streaming video 
994 |a 92  |b TXA 
999 f f |s 5e4d86de-efe2-4518-898d-321a66e12bf3  |i ba9ff6b5-6659-454a-99a2-10cb89a66bb5  |t 0 
952 f f |a Texas A&M University  |b College Station  |c Electronic Resources  |d Available Online  |t 0  |e PN1200eb   |h Library of Congress classification 
998 f f |a PN1200eb   |t 0  |l Available Online